<?xml version="1.0" encoding="UTF-8"?><?xml-stylesheet type="text/xsl" href="static/style.xsl"?><OAI-PMH xmlns="http://www.openarchives.org/OAI/2.0/" xmlns:xsi="http://www.w3.org/2001/XMLSchema-instance" xsi:schemaLocation="http://www.openarchives.org/OAI/2.0/ http://www.openarchives.org/OAI/2.0/OAI-PMH.xsd"><responseDate>2026-05-11T13:27:14Z</responseDate><request verb="GetRecord" identifier="oai:riubu.ubu.es:10259/5173" metadataPrefix="marc">https://riubu.ubu.es/oai/request</request><GetRecord><record><header><identifier>oai:riubu.ubu.es:10259/5173</identifier><datestamp>2022-04-26T11:42:12Z</datestamp><setSpec>com_10259_2699</setSpec><setSpec>col_10259_2723</setSpec></header><metadata><record xmlns="http://www.loc.gov/MARC21/slim" xmlns:doc="http://www.lyncode.com/xoai" xmlns:xsi="http://www.w3.org/2001/XMLSchema-instance" xmlns:dcterms="http://purl.org/dc/terms/" xsi:schemaLocation="http://www.loc.gov/MARC21/slim http://www.loc.gov/standards/marcxml/schema/MARC21slim.xsd">
<leader>00925njm 22002777a 4500</leader>
<datafield tag="042" ind1=" " ind2=" ">
<subfield code="a">dc</subfield>
</datafield>
<datafield tag="720" ind1=" " ind2=" ">
<subfield code="a">Calaf Chica, José</subfield>
<subfield code="e">author</subfield>
</datafield>
<datafield tag="260" ind1=" " ind2=" ">
<subfield code="c">2018</subfield>
</datafield>
<datafield tag="520" ind1=" " ind2=" ">
<subfield code="a">El ensayo miniatura de punzonado, que nació en el sector nuclear como alternativa a los ensayos estándar de caracterización mecánica, ha evolucionado mucho en las últimas décadas y ha expandido su potencial aplicabilidad a amplios sectores de la industria. La presente tesis doctoral ha buscado ahondar en el comportamiento mecánico de este ensayo para esclarecer el origen de la dispersión de resultados que se observa al caracterizar una gama de materiales con propiedades mecánicas dispares. Tras esta primera aproximación, se llevó a cabo la búsqueda de métodos de correlación alternativos en el ensayo miniatura de punzonado para la obtención de las propiedades mecánicas inherentes a un ensayo estándar de tracción: módulo de elasticidad, límite elástico y resistencia a la tracción. Esta nueva metodología ha mostrado durante su desarrollo un nivel de fiabilidad y precisión superior a lo reflejado por el resto de métodos.</subfield>
</datafield>
<datafield tag="024" ind2=" " ind1="8">
<subfield code="a">http://hdl.handle.net/10259/5173</subfield>
</datafield>
<datafield tag="024" ind2=" " ind1="8">
<subfield code="a">10.36443/10259/5173</subfield>
</datafield>
<datafield ind1=" " ind2=" " tag="653">
<subfield code="a">SPT</subfield>
</datafield>
<datafield ind1=" " ind2=" " tag="653">
<subfield code="a">módulo de elasticidad</subfield>
</datafield>
<datafield ind1=" " ind2=" " tag="653">
<subfield code="a">límite elástico</subfield>
</datafield>
<datafield ind1=" " ind2=" " tag="653">
<subfield code="a">resistencia a la tracción</subfield>
</datafield>
<datafield ind1=" " ind2=" " tag="653">
<subfield code="a">ensayo miniatura</subfield>
</datafield>
<datafield ind1=" " ind2=" " tag="653">
<subfield code="a">elastic modulus</subfield>
</datafield>
<datafield ind1=" " ind2=" " tag="653">
<subfield code="a">yield strength</subfield>
</datafield>
<datafield ind1=" " ind2=" " tag="653">
<subfield code="a">ultimate tensile strength</subfield>
</datafield>
<datafield ind1=" " ind2=" " tag="653">
<subfield code="a">miniature testing</subfield>
</datafield>
<datafield tag="245" ind1="0" ind2="0">
<subfield code="a">Estudio y mejora de la correlación de propiedades mecánicas con los ensayos miniatura de punzonado</subfield>
</datafield>
</record></metadata></record></GetRecord></OAI-PMH>